| 000 | 01057nabaa22002297a 4500 | ||
|---|---|---|---|
| 999 |
_c6194 _d6194 |
||
| 003 | OSt | ||
| 005 | 20260125194256.0 | ||
| 008 | 190701b xxu||||| |||| 00| 0 spa d | ||
| 040 | _cPJ | ||
| 100 |
_96930 _aStupenengo, Juan Antonio |
||
| 245 | 1 | 0 |
_aReformas introducidas por la Ley de Bases en materia de ejecución del acto administrativo / _cJuan Antonio Stupenengo. |
| 300 | _ap. 110-123 | ||
| 500 | _aCita: TR LALEY AR/DOC/2168/2024 | ||
| 505 | _aSumario: I. Introducción. Reformas introducidas por la Ley de Bases en materia de ejecución, administrativa y judicial, del acto administrativo.— II. Conclusiones. | ||
| 505 | _t¿Te interesa el texto completo? Comunicate al correo: koha@justierradelfuego.gov.ar | ||
| 650 | 0 |
_9211 _aDERECHO ADMINISTRATIVO |
|
| 650 | 0 |
_91135 _aPROCEDIMIENTO ADMINISTRATIVO |
|
| 650 | 0 |
_91171 _aACTO ADMINISTRATIVO |
|
| 650 | 0 |
_aREFORMA DEL ESTADO _93177 |
|
| 773 | 0 |
_02842 _93251 _dBuenos Aires : AbeledoPerrot, 2012- _oDA121 _tDerecho administrativo. Nº 155 septiembre/octubre 2024 _z18510590 |
|
| 942 |
_2udc _cANA |
||